Guess All 151 Original Pokemon by their Pokedex Picture - Statistics

General Stats
  • This quiz has been taken 644 times
  • The average score is 113 of 151
Answer Stats
Picture Answer % Correct
Bulbasaur
98%
Charmander
97%
Charizard
95%
Pikachu
94%
Squirtle
94%
Blastoise
92%
Charmeleon
92%
Ivysaur
91%
Raichu
91%
Rattata
91%
Psyduck
90%
Jigglypuff
89%
Venusaur
89%
Abra
88%
Ekans
88%
Meowth
88%
Wartortle
88%
Butterfree
87%
Pidgeot
87%
Beedrill
86%
Diglett
86%
Pidgey
86%
Caterpie
85%
Dugtrio
85%
Gengar
85%
Onix
85%
Vulpix
85%
Eevee
84%
Weedle
84%
Alakazam
83%
Clefairy
83%
Geodude
83%
Mew
83%
Arbok
82%
Gastly
82%
Machamp
82%
Magikarp
82%
Nidoking
82%
Sandshrew
82%
Zubat
82%
Ditto
81%
Kadabra
81%
Metapod
81%
Nidoqueen
81%
Pidgeotto
81%
Raticate
81%
Kakuna
80%
Machop
80%
Mankey
80%
Mew Two
80%
Mr.Mime
80%
Nidoran
80%
Nidoran
80%
Oddish
80%
Persian
80%
Ponyta
80%
Slowpoke
80%
Snorlax
80%
Muk
79%
Ninetales
79%
Sandslash
78%
Vaporeon
78%
Arcanine
77%
Dragonite
77%
Nidorina
77%
Nidorino
77%
Spearow
77%
Flareon
76%
Golduck
76%
Gyarados
76%
Haunter
76%
Koffing
76%
Lickitung
76%
Machoke
76%
Wigglytuff
76%
Clefable
75%
Lapras
75%
Rapidash
75%
Voltorb
75%
Golbat
74%
Hitmonlee
74%
Jolteon
74%
Paras
74%
Cubone
73%
Growlithe
73%
Hitmonchan
73%
Hypno
73%
Staryu
73%
Fearow
72%
Jynx
72%
Slowbro
72%
Tentacruel
72%
Weezing
72%
Zapdos
72%
Bellsprout
71%
Farfetch'd
71%
Gloom
71%
Magnemite
71%
Poliwhirl
71%
Doduo
70%
Golem
70%
Grimer
70%
Tentacool
70%
Articuno
69%
Dodrio
69%
Graveler
69%
Poliwag
69%
Starmie
69%
Porygon
68%
Seel
68%
Tangela
68%
Moltres
67%
Poliwrath
67%
Scyther
67%
Venomoth
67%
Drowzee
66%
Krabby
66%
Magneton
66%
Primeape
66%
Dratini
65%
Goldeen
65%
Parasect
65%
Tauros
65%
Venonat
65%
Chansey
64%
Electrode
64%
Magmar
64%
Marowak
64%
Rhyhorn
64%
Weepinbell
64%
Cloyster
63%
Electabuzz
63%
Horsea
63%
Kabuto
63%
Rhydon
63%
Vileplume
63%
Dragonair
62%
Kangaskhan
61%
Pinsir
61%
Aerodactyl
58%
Kabutops
58%
Kingler
58%
Dewgong
57%
Seadra
57%
Seaking
57%
Victreebel
57%
Shellder
56%
Exeggcute
55%
Exeggutor
55%
Omanyte
49%
Omastar
49%
No matching quizzes found
Score Distribution
Percent of People with Each Score
Percentile by Number Answered
Your Score History
You have not taken this quiz